<?xml version="1.0" encoding="UTF-8"?><?xml-stylesheet type="text/xsl" href="static/style.xsl"?><OAI-PMH xmlns="http://www.openarchives.org/OAI/2.0/" xmlns:xsi="http://www.w3.org/2001/XMLSchema-instance" xsi:schemaLocation="http://www.openarchives.org/OAI/2.0/ http://www.openarchives.org/OAI/2.0/OAI-PMH.xsd"><responseDate>2026-04-14T07:50:24Z</responseDate><request verb="GetRecord" identifier="oai:www.recercat.cat:20.500.12328/5053" metadataPrefix="marc">https://recercat.cat/oai/request</request><GetRecord><record><header><identifier>oai:recercat.cat:20.500.12328/5053</identifier><datestamp>2025-10-10T18:37:03Z</datestamp><setSpec>com_2072_67741</setSpec><setSpec>col_2072_484352</setSpec></header><metadata><record xmlns="http://www.loc.gov/MARC21/slim" xmlns:dcterms="http://purl.org/dc/terms/" xmlns:xsi="http://www.w3.org/2001/XMLSchema-instance" xmlns:doc="http://www.lyncode.com/xoai" xsi:schemaLocation="http://www.loc.gov/MARC21/slim http://www.loc.gov/standards/marcxml/schema/MARC21slim.xsd">
   <leader>00925njm 22002777a 4500</leader>
   <datafield ind2=" " ind1=" " tag="042">
      <subfield code="a">dc</subfield>
   </datafield>
   <datafield ind2=" " ind1=" " tag="720">
      <subfield code="a">Pons-Espinal, Marina</subfield>
      <subfield code="e">author</subfield>
   </datafield>
   <datafield ind2=" " ind1=" " tag="720">
      <subfield code="a">López-Perea, Noemi</subfield>
      <subfield code="e">author</subfield>
   </datafield>
   <datafield ind2=" " ind1=" " tag="720">
      <subfield code="a">Masa-Calles, Josefa</subfield>
      <subfield code="e">author</subfield>
   </datafield>
   <datafield ind2=" " ind1=" " tag="720">
      <subfield code="a">Muñoz-Almagro, Carmen</subfield>
      <subfield code="e">author</subfield>
   </datafield>
   <datafield ind2=" " ind1=" " tag="720">
      <subfield code="a">Tarragó, David</subfield>
      <subfield code="e">author</subfield>
   </datafield>
   <datafield ind2=" " ind1=" " tag="720">
      <subfield code="a">Launes, Cristian</subfield>
      <subfield code="e">author</subfield>
   </datafield>
   <datafield ind2=" " ind1=" " tag="260">
      <subfield code="c">2025</subfield>
   </datafield>
   <datafield ind2=" " ind1=" " tag="520">
      <subfield code="a">Aim: The prevalence of meningitis and encephalitis of unknown aetiology in Spanish children has not been specifically documented before. The aim of this study is to describe the epidemiology and trends of these clinical conditions between 2016 and 2020. Methods: Retrospective study analysing hospitalised children &lt; 15 years with meningitis and encephalitis/encephalomyelitis of unknown origin (ICD-10 codes) in Spain (2016-2020). Data from National Registry of Hospitalizations and National Institute for Statistics were used to calculate age-stratified hospitalisation rates (HR). Statistical analysis included Poisson regression to calculate hospitalisation rate ratios (HRR) by age groups and years and forecasting methods to predict 2020 HRs. Results: Four thousand six hundred childrens were hospitalised with viral meningitis and encephalitis-encephalomyelitis of unknown origin, resulting in a HR of 7.8/105 inhabitants. The highest HR was observed in children under 1 year (49.1/105) and those aged 5-9 (10.4/105). The global HR for viral meningitis (3.64/105) was lower than for encephalitis-encephalomyelitis (4.2/105). Hospitalisations decreased from 1475 (2016) to 452 (2020), attributed to enhanced pathogen detection methods and COVID-19 preventive measures. Conclusion: Undiagnosed central nervous system entities remain a significant cause of paediatric hospitalisations in Spain, despite a declining incidence. Enhanced diagnostic strategies, including expanded microbiological testing and molecular epidemiology surveillance, could prove beneficial.</subfield>
   </datafield>
   <datafield ind1="8" ind2=" " tag="024">
      <subfield code="a">Pons-Espinal, Marina; López-Perea, Noemi; Masa-Calles, Josefa [et al.]. Trends in paediatric viral meningitis and encephalitis with unconfirmed aetiology: a spanish population-based study, 2016-2020. Acta Paediatrica, 2025, 114, p. 2298-2305. Disponible en: &lt;https://onlinelibrary.wiley.com/doi/10.1111/apa.70107>. Fecha de acceso: 3 oct. 2025. DOI: 10.1111/apa.70107</subfield>
   </datafield>
   <datafield ind1="8" ind2=" " tag="024">
      <subfield code="a">0803-5253</subfield>
   </datafield>
   <datafield ind1="8" ind2=" " tag="024">
      <subfield code="a">http://hdl.handle.net/20.500.12328/5053</subfield>
   </datafield>
   <datafield ind1="8" ind2=" " tag="024">
      <subfield code="a">https://dx.doi.org/10.1111/apa.70107</subfield>
   </datafield>
   <datafield tag="653" ind2=" " ind1=" ">
      <subfield code="a">Espanya</subfield>
   </datafield>
   <datafield tag="653" ind2=" " ind1=" ">
      <subfield code="a">Infants</subfield>
   </datafield>
   <datafield tag="653" ind2=" " ind1=" ">
      <subfield code="a">Encefalitis</subfield>
   </datafield>
   <datafield tag="653" ind2=" " ind1=" ">
      <subfield code="a">Hospitalitzacions</subfield>
   </datafield>
   <datafield tag="653" ind2=" " ind1=" ">
      <subfield code="a">Meningitis</subfield>
   </datafield>
   <datafield tag="653" ind2=" " ind1=" ">
      <subfield code="a">España</subfield>
   </datafield>
   <datafield tag="653" ind2=" " ind1=" ">
      <subfield code="a">Niños</subfield>
   </datafield>
   <datafield tag="653" ind2=" " ind1=" ">
      <subfield code="a">Encefalitis</subfield>
   </datafield>
   <datafield tag="653" ind2=" " ind1=" ">
      <subfield code="a">Hospitalizaciones</subfield>
   </datafield>
   <datafield tag="653" ind2=" " ind1=" ">
      <subfield code="a">Meningitis</subfield>
   </datafield>
   <datafield tag="653" ind2=" " ind1=" ">
      <subfield code="a">Spain</subfield>
   </datafield>
   <datafield tag="653" ind2=" " ind1=" ">
      <subfield code="a">Children</subfield>
   </datafield>
   <datafield tag="653" ind2=" " ind1=" ">
      <subfield code="a">Encephalitis</subfield>
   </datafield>
   <datafield tag="653" ind2=" " ind1=" ">
      <subfield code="a">Hospitalizations</subfield>
   </datafield>
   <datafield tag="653" ind2=" " ind1=" ">
      <subfield code="a">Meningitis</subfield>
   </datafield>
   <datafield ind2="0" ind1="0" tag="245">
      <subfield code="a">Trends in paediatric viral meningitis and encephalitis with unconfirmed aetiology: a spanish population-based study, 2016-2020</subfield>
   </datafield>
</record></metadata></record></GetRecord></OAI-PMH>